000 00585cam a22001457a 4500
008 180718b2010 xxu||||| |||| 00| 0 eng d
082 _aAPPPA 2009-10/SIN
100 _aManocha, Raj Kumar
245 _aEducation in human value (EHV): the vital missing link in the modern education system
_cby Raj Kumar Manocha
260 _aNew Delhi
_bIndian Institute of Public Administration
_c2010
300 _a144p.
500 _aAn APPPA M.Phil dissertation, 2009-10 (Guide: Prof. Pranab Banerji)
650 _aEducation --Moral and ethical aspects --India
650 _aMoral education --India
999 _c501964
_d501964